000 00889nam a2200205Ii 4500
003 JO-AjNU
008 230605s9999||||xx |||||||||||||| ||und||
040 _aJO-AjNU
_bara
_erda
_cJO-AjNU
041 _aara
050 1 4 _aBP146 1988
100 3 _aابراهيم، محمد اسماعيل,
_eauthor
_937172
245 0 0 _aتراث الخلفاء الراشدين عرض شامل لحياة الخلفاء الراشدين والتعريف بشخصياتهم وأعمالهم المجيدة وما جرى في عهودهم من الحوادث الحافلة بالعبر والعظات البالغة
250 _aط2
264 3 1 _aد.م: دار المعارف، 1988
300 _a141ص
336 _atext
_btxt
_2rdacontent
337 _aunmediated
_bn
_2rdamedia
338 _avolume
_bnc
_2rdacarrier
650 4 _aالخلفاء الراشدين-تراث- فقه اسلامي
_937173
999 _aA15508
_c19076
_d19076